000 00524cam a2200181 a 4500
001 000002403
005 20200929150207.0
008 760515s1974 onc 000 1 eng
020 _a077109034X
040 _aDO-SdBNP
_bspa
_cBNPHU
082 _a813.54
_bW814c
100 1 _aWiseman, Adele.
_97628
245 1 0 _aCrackpot :
_ba novel /
_cAdele Wiseman.
260 _aToronto :
_bMcClelland and Stewart,
_c1974.
300 _a300 p. ;
_c24 cm.
650 4 _aNovela estadounidense
_9262
650 4 _aLiteratura estadounidense
_9263
999 _c2240
_d2240